[Event "ch-CZE"]
[Site "Ostrava CZE"]
[Date "2002.05.21"]
[Round "6"]
[White "Chytilek, R."]
[Black "Biolek, R."]
[Result "1-0"]
[WhiteElo "2390"]
[BlackElo "2446"]
[PlyCount "125"]
[EventDate "2002.05.16"]
[Source "Mark Crowther"]
[SourceDate "2002.05.27"]

1. d4 Nf6 2. Nf3 g6 3. c4 Bg7 4. Nc3 O-O 5. e4 d6 6. h3 e5 7. d5 a5 8. Bg5 Na6
9. Be2 Nc5 10. Nd2 Bd7 11. Qc2 c6 12. O-O h6 13. Be3 Nh5 14. Bxh5 gxh5 15. Qd1
Nd3 16. Qxh5 Nf4 17. Bxf4 exf4 18. Rab1 Kh7 19. Ne2 Be5 20. c5 f5 21. cxd6 cxd5
22. exd5 Be8 23. Qf3 Qg5 24. Kh1 Rg8 25. Rg1 Bh5 26. Qd3 Qf6 27. Nf3 Bxd6 28.
Ned4 Rad8 29. Rbe1 Bf7 30. Ne6 Rc8 31. Qd4 Qxd4 32. Nfxd4 Kg6 33. Nb5 Bb4 34.
Nxf4+ Kf6 35. Re2 Rge8 36. a3 Rxe2 37. Nxe2 Bf8 38. Nbc3 b5 39. Nxb5 Bxd5 40.
Nbc3 Bb7 41. Rd1 Bc5 42. f3 Be3 43. Kh2 h5 44. Rd6+ Ke7 45. Rd3 Bf2 46. Nd4 f4
47. Rd2 Bg3+ 48. Kg1 Kf6 49. Nde2 Ke5 50. Nxg3 fxg3 51. Kf1 Kf4 52. Rd6 Re8 53.
Ne2+ Ke5 54. Rb6 Bd5 55. Nxg3 Bc4+ 56. Kf2 Rd8 57. Nxh5 Rd2+ 58. Kg3 a4 59. Nf4
Rd8 60. Ng6+ Kd4 61. h4 Rd5 62. Nf4 Rd8 63. Ne6+ 1-0

[Event "ch-CZE"]
[Site "Ostrava CZE"]
[Date "2002.05.22"]
[Round "7"]
[White "Jirovsky, M."]
[Black "Chytilek, R."]
[Result "1-0"]
[WhiteElo "2446"]
[BlackElo "2390"]
[PlyCount "115"]
[EventDate "2002.05.16"]
[Source "Mark Crowther"]
[SourceDate "2002.05.27"]

1. c4 Nf6 2. Nc3 e5 3. g3 Bb4 4. Bg2 O-O 5. e4 Bxc3 6. dxc3 d6 7. Qe2 b6 8. Nh3
a5 9. O-O Nbd7 10. f3 Ba6 11. Be3 Qe7 12. Rfd1 Kh8 13. Nf2 Nc5 14. b3 a4 15. b4
Ncd7 16. Bh3 Ne8 17. b5 Bb7 18. Nd3 h6 19. Rab1 Nef6 20. Rd2 Nc5 21. Nb4 Ne6
22. Qd1 Ng5 23. Bg2 Qe6 24. Qf1 Qe8 25. h4 Ne6 26. Bh3 Bc8 27. Bf5 Nc5 28. g4
Be6 29. Rg2 Ng8 30. g5 g6 31. Bxe6 fxe6 32. Qe2 h5 33. Bxc5 bxc5 34. Nd3 Ne7
35. Rf2 c6 36. f4 cxb5 37. Rxb5 exf4 38. Nxf4 Nc6 39. Rb7 Rxf4 40. Rxf4 Ne5 41.
Qf1 Kg8 42. Qb1 Qd8 43. Qb5 a3 44. Rf6 Qc8 45. Kf1 Kh8 46. Ke2 Kg8 47. Qb6 Kh8
48. Qc7 Qxc7 49. Rxc7 Rb8 50. Rxe6 Nxc4 51. Rce7 Kg8 52. Re8+ Rxe8 53. Rxe8+
Kf7 54. Ra8 Ke6 55. Ra4 Nb6 56. Rxa3 Ke5 57. Kd3 Kf4 58. Ra7 1-0

[Event "ch-CZE"]
[Site "Ostrava CZE"]
[Date "2002.05.22"]
[Round "7"]
[White "Vavra, P1."]
[Black "Haba, Petr"]
[Result "0-1"]
[WhiteElo "2419"]
[BlackElo "2493"]
[PlyCount "50"]
[EventDate "2002.05.16"]
[Source "Mark Crowther"]
[SourceDate "2002.05.27"]

1. e4 c6 2. d4 d5 3. exd5 cxd5 4. c3 Nc6 5. Nf3 Nf6 6. Ne5 e6 7. f4 Ne4 8. Qh5
g6 9. Qf3 f6 10. Nd3 h5 11. g3 e5 12. fxe5 Bg4 13. Qg2 fxe5 14. dxe5 Bg7 15.
Nd2 O-O 16. Nxe4 dxe4 17. Qxe4 Nxe5 18. Bf4 Bf5 19. Qxe5 Bxe5 20. Nxe5 g5 21.
Rd1 Qe7 22. Rg1 Rad8 23. Be2 Rxd1+ 24. Kxd1 Qc5 25. Rg2 Qd5+ 0-1

[Event "ch-CZE"]
[Site "Ostrava CZE"]
[Date "2002.05.22"]
[Round "7"]
[White "Velicka, P."]
[Black "Kalod, R."]
[Result "0-1"]
[WhiteElo "2437"]
[BlackElo "2472"]
[PlyCount "76"]
[EventDate "2002.05.16"]
[Source "Mark Crowther"]
[SourceDate "2002.05.27"]

1. e4 c5 2. Nf3 d6 3. Bb5+ Nd7 4. d4 Ngf6 5. O-O cxd4 6. Qxd4 g6 7. e5 dxe5 8.
Nxe5 Bg7 9. Rd1 O-O 10. Nxd7 Nxd7 11. Qh4 Qb6 12. Bxd7 Rd8 13. Nc3 Rxd7 14. Nd5
Qd8 15. c4 b5 16. Re1 f6 17. Qe4 Bb7 18. Nxe7+ Kf8 19. Nxg6+ hxg6 20. Qxg6 bxc4
21. h4 Rf7 22. h5 Qd3 23. Bf4 Qxg6 24. hxg6 Rd7 25. Rad1 Bd5 26. Rd4 Rad8 27.
g4 f5 28. Be5 fxg4 29. Rxg4 Bxe5 30. Rxe5 Kg7 31. f4 Kf6 32. Rgg5 Be6 33. g7
Rg8 34. Ra5 Rgxg7 35. Kf2 Rd2+ 36. Ke3 Rgd7 37. f5 R7d3+ 38. Ke4 Rd4+ 0-1

[Event "ch-CZE"]
[Site "Ostrava CZE"]
[Date "2002.05.22"]
[Round "7"]
[White "Berezjuk, S."]
[Black "Konopka, M."]
[Result "0-1"]
[WhiteElo "2430"]
[BlackElo "2468"]
[PlyCount "132"]
[EventDate "2002.05.16"]
[Source "Mark Crowther"]
[SourceDate "2002.05.27"]

1. d4 Nf6 2. c4 g6 3. Nf3 Bg7 4. g3 O-O 5. Bg2 c6 6. O-O d5 7. cxd5 cxd5 8. Nc3
e6 9. Ne5 Nfd7 10. f4 Nc6 11. Be3 f6 12. Nf3 Nb6 13. b3 Bd7 14. Bc1 f5 15. Ba3
Re8 16. Qd2 Bf8 17. Bc5 Nc8 18. e3 Nd6 19. Ne5 Rc8 20. Rac1 b6 21. Bxd6 Bxd6
22. Nb5 Bb4 23. Qe2 Nxe5 24. Rxc8 Qxc8 25. dxe5 Qa6 26. a4 Rc8 27. g4 Bxb5 28.
axb5 Qb7 29. gxf5 gxf5 30. Rf3 Rc1+ 31. Bf1 Be1 32. Rh3 Qg7+ 33. Kh1 Qg4 34.
Qxg4+ fxg4 35. Rh5 Bd2 36. Kg2 Bxe3 37. Rg5+ Kf7 38. Rxg4 Rc2+ 39. Kf3 Bc5 40.
Rg2 Rc3+ 41. Kg4 Rxb3 42. Rg3 Rb4 43. Bd3 h5+ 44. Kxh5 Rxf4 45. Bg6+ Ke7 46.
Bd3 Bd4 47. Rg7+ Rf7 48. Rg5 Rf3 49. Rg7+ Kf8 50. Rg3 Rxg3 51. hxg3 Bxe5 52. g4
Ke7 53. Kg6 Kd6 54. Kf7 Bf4 55. Kf6 Be5+ 56. Kf7 Bc3 57. g5 e5 58. g6 e4 59.
Bc2 Bb2 60. Bb1 Kc5 61. g7 Bxg7 62. Kxg7 Kd4 63. Bc2 Kc3 64. Bd1 Kd2 65. Bh5 e3
66. Kf6 d4 0-1

[Event "ch-CZE"]
[Site "Ostrava CZE"]
[Date "2002.05.22"]
[Round "7"]
[White "Vokac, Marek"]
[Black "Navara, David"]
[Result "0-1"]
[WhiteElo "2487"]
[BlackElo "2543"]
[PlyCount "102"]
[EventDate "2002.05.16"]
[Source "Mark Crowther"]
[SourceDate "2002.05.27"]

1. d4 Nf6 2. c4 g6 3. Nc3 d5 4. Bg5 Ne4 5. Qc1 Bg7 6. cxd5 Nxc3 7. bxc3 Qxd5 8.
Bh6 O-O 9. Bxg7 Kxg7 10. Nf3 c5 11. e3 b6 12. Be2 cxd4 13. cxd4 Ba6 14. Bxa6
Qa5+ 15. Qd2 Qxa6 16. Ne5 Rc8 17. d5 Rc5 18. Nd3 Rc4 19. O-O Nd7 20. Nb4 Qa5
21. Qb2+ Nf6 22. a3 Qb5 23. Rac1 Rxc1 24. Qxc1 Nxd5 25. Nc6 Qa4 26. e4 Qxe4 27.
Re1 Qh4 28. Ne5 Qd4 29. g3 Qc3 30. Qxc3 Nxc3 31. Nc6 e6 32. Kg2 Nd5 33. Re4 a6
34. Nb4 Nxb4 35. Rxb4 b5 36. Kf3 Kf6 37. Ke4 g5 38. a4 bxa4 39. Rxa4 a5 40. h3
h5 41. g4 hxg4 42. hxg4 Ra7 43. f4 gxf4 44. Kxf4 Ra6 45. Ke4 Kg5 46. Ke3 f6 47.
Kf3 e5 48. Kg3 Rb6 49. Kf3 Rb3+ 50. Ke2 Rb4 51. Rxa5 Kxg4 0-1

[Event "ch-CZE"]
[Site "Ostrava CZE"]
[Date "2002.05.22"]
[Round "7"]
[White "Biolek, R."]
[Black "Blatny, P."]
[Result "0-1"]
[WhiteElo "2446"]
[BlackElo "2444"]
[PlyCount "112"]
[EventDate "2002.05.16"]
[Source "Mark Crowther"]
[SourceDate "2002.05.27"]

1. e4 g6 2. d4 c6 3. f4 d5 4. e5 h5 5. Nf3 Nh6 6. Be3 Bg4 7. Nbd2 Nf5 8. Bf2
Qb6 9. Bd3 e6 10. O-O Bh6 11. g3 h4 12. b3 Nd7 13. c4 Qd8 14. Qc2 Qe7 15. Rfe1
g5 16. fxg5 hxg3 17. Bxg3 Nxg3 18. gxh6 Nf5 19. cxd5 cxd5 20. Rac1 Rd8 21. Bxf5
Bxf5 22. Qc3 Rxh6 23. Kf2 Nb8 24. b4 Nc6 25. a3 a6 26. Rg1 Bg6 27. Qe3 Qf8 28.
Rc5 Qh8 29. Rg2 Rh3 30. Qf4 Bf5 31. b5 axb5 32. Rxb5 Rd7 33. Rg1 Be4 34. Rc1
Qh7 35. Qg5 Rh5 36. Qg3 Rf5 37. Kg1 Qg6 38. Nh4 Qxg3+ 39. hxg3 Rg5 40. Kf2 Nxd4
41. Rc8+ Ke7 42. Ra5 Rxe5 43. Ke3 Nc6 44. Raa8 Bc2+ 45. Kf2 Bd3 46. Nb3 Kd6 47.
Kf3 Be2+ 48. Kf2 Bg4 49. Nc1 d4 50. Rg8 f5 51. Rg6 Rc5 52. Nd3 Rc2+ 53. Kg1 Ne5
54. Nxe5 Kxe5 55. Re8 Rd6 56. Ng2 Rxg2+ 0-1

[Event "ch-CZE"]
[Site "Ostrava CZE"]
[Date "2002.05.23"]
[Round "8"]
[White "Haba, Petr"]
[Black "Chytilek, R."]
[Result "1/2-1/2"]
[WhiteElo "2493"]
[BlackElo "2390"]
[PlyCount "27"]
[EventDate "2002.05.16"]
[Source "Mark Crowther"]
[SourceDate "2002.05.27"]

1. d4 Nf6 2. c4 e6 3. g3 c5 4. d5 exd5 5. cxd5 b5 6. Bg2 d6 7. e4 Bb7 8. Qe2 a6
9. Nf3 Be7 10. Nh4 O-O 11. Be3 Re8 12. Nd2 Nbd7 13. O-O Bf8 14. h3 1/2-1/2

[Event "ch-CZE"]
[Site "Ostrava CZE"]
[Date "2002.05.23"]
[Round "8"]
[White "Blatny, P."]
[Black "Jirovsky, M."]
[Result "0-1"]
[WhiteElo "2444"]
[BlackElo "2446"]
[PlyCount "74"]
[EventDate "2002.05.16"]
[Source "Mark Crowther"]
[SourceDate "2002.05.27"]

1. e4 c5 2. Nf3 d6 3. c3 Nf6 4. Bd3 Nc6 5. Bc2 Bg4 6. d3 e6 7. Nbd2 Be7 8. Nf1
d5 9. h3 Bh5 10. Ng3 Bg6 11. Qe2 Qc7 12. O-O Bd6 13. Nf5 exf5 14. exf5+ Kd7 15.
fxg6 Rae8 16. Qd1 hxg6 17. d4 c4 18. b3 Kc8 19. bxc4 dxc4 20. Ng5 Re7 21. Qf3
Rhe8 22. g3 Qa5 23. Bd2 Nxd4 24. cxd4 Qxd2 25. Nxf7 Rxf7 26. Bxg6 Rfe7 27. Bxe8
Rxe8 28. Rab1 Re7 29. Rfc1 Qe2 30. Qf5+ Kd8 31. Qb5 Bxg3 32. fxg3 Qe3+ 33. Kg2
Qd2+ 34. Kg1 Re3 35. Qxb7 Rxg3+ 36. Kf1 Qf4+ 37. Ke2 Re3+ 0-1

[Event "ch-CZE"]
[Site "Ostrava CZE"]
[Date "2002.05.23"]
[Round "8"]
[White "Navara, David"]
[Black "Biolek, R."]
[Result "1-0"]
[WhiteElo "2543"]
[BlackElo "2446"]
[PlyCount "81"]
[EventDate "2002.05.16"]
[Source "Mark Crowther"]
[SourceDate "2002.05.27"]

1. c4 e5 2. Nc3 Nf6 3. e3 Bb4 4. Nge2 O-O 5. a3 Bxc3 6. Nxc3 d5 7. cxd5 Nxd5 8.
Qc2 Be6 9. Be2 a5 10. O-O Nd7 11. b3 f5 12. Bb2 Qg5 13. f3 c6 14. Nxd5 Bxd5 15.
b4 Kh8 16. bxa5 Rxa5 17. Bc3 Ra7 18. a4 Qe7 19. a5 Rf6 20. Rfb1 c5 21. Bb5 Nf8
22. Rf1 Ng6 23. f4 Nh4 24. fxe5 Rg6 25. g3 Ra8 26. Be2 Be4 27. Qb2 Re6 28. Rf2
Qg5 29. Raf1 Rd8 30. Bc4 Rh6 31. e6 Rg8 32. Be5 Ng6 33. d3 Bc6 34. Rxf5 Qxe3+
35. Qf2 Rxh2 36. Qxe3 Rg2+ 37. Kh1 Re2+ 38. Qe4 Bxe4+ 39. dxe4 Rxe4 40. Bd5 Re2
41. Bd6 1-0

[Event "ch-CZE"]
[Site "Ostrava CZE"]
[Date "2002.05.23"]
[Round "8"]
[White "Kalod, R."]
[Black "Berezjuk, S."]
[Result "1/2-1/2"]
[WhiteElo "2472"]
[BlackElo "2430"]
[PlyCount "109"]
[EventDate "2002.05.16"]
[Source "Mark Crowther"]
[SourceDate "2002.05.27"]

1. Nf3 Nf6 2. c4 e6 3. Nc3 Bb4 4. Qc2 O-O 5. a3 Bxc3 6. Qxc3 b6 7. g3 Bb7 8.
Bg2 d6 9. O-O Nbd7 10. b4 c5 11. Bb2 Qe7 12. d4 Rfc8 13. dxc5 dxc5 14. b5 Ne8
15. Rfd1 f6 16. a4 a5 17. h3 Nf8 18. Nh4 Rd8 19. Bxb7 Qxb7 20. Ng2 Rd7 21. Rxd7
Qxd7 22. Ne3 Rd8 23. Rd1 Qc7 24. Rd3 Rd6 25. Qd2 Qd7 26. Kg2 Rxd3 27. Qxd3 Kf7
28. Bc3 Nd6 29. f3 Nc8 30. Qe4 Nd6 31. Qd3 Nc8 32. Qe4 Nd6 33. Qd3 Nc8 34. Kf2
Qxd3 35. exd3 e5 36. Nd5 Nd7 37. f4 Ne7 38. Nxe7 Kxe7 39. Kf3 Ke6 40. g4 g6 41.
Ke4 g5 42. fxg5 fxg5 43. Bd2 h6 44. Bc3 Nf6+ 45. Kf3 Nd7 46. Kg3 Nf6 47. h4 Nh7
48. hxg5 hxg5 49. Kf3 Nf6 50. Bd2 Nh7 51. Bc1 Kd6 52. Ke4 Ke6 53. Bd2 Nf6+ 54.
Kf3 Nh7 55. Bc1 1/2-1/2

[Event "ch-CZE"]
[Site "Ostrava CZE"]
[Date "2002.05.24"]
[Round "9"]
[White "Vokac, Marek"]
[Black "Kalod, R."]
[Result "1/2-1/2"]
[WhiteElo "2487"]
[BlackElo "2472"]
[PlyCount "162"]
[EventDate "2002.05.16"]
[Source "Mark Crowther"]
[SourceDate "2002.05.27"]

1. d4 Nf6 2. Bg5 e6 3. e4 h6 4. Bxf6 Qxf6 5. Nc3 d6 6. Nf3 Qd8 7. Bd3 Nd7 8.
Qd2 a6 9. O-O g6 10. Rad1 Bg7 11. Rfe1 O-O 12. e5 b5 13. Qf4 Qe7 14. exd6 cxd6
15. Nd5 Qd8 16. Ne3 Nf6 17. h4 Bb7 18. c3 Nh5 19. Qg4 Bxf3 20. gxf3 d5 21. Ng2
Re8 22. f4 Qd7 23. Re3 Kh8 24. Rde1 Rg8 25. a3 Bf6 26. R1e2 Ng7 27. Kf1 h5 28.
Qh3 Qc7 29. Rg3 Ne8 30. f5 gxf5 31. Rxg8+ Kxg8 32. Qf3 Qh2 33. Re1 Bg7 34. Nf4
Nf6 35. Nxh5 Qxh4 36. Nxf6+ Bxf6 37. Ke2 Kf8 38. Kd1 Rc8 39. a4 bxa4 40. Bxa6
Ra8 41. Qe2 Qf4 42. Kc2 Qd6 43. Bd3 Qb6 44. Ra1 Qb3+ 45. Kb1 a3 46. Ra2 Rb8 47.
Qc2 axb2 48. Rxb2 Qxc2+ 49. Kxc2 Rc8 50. Kb3 Kg7 51. Ra2 Rc7 52. f3 Bg5 53. Ra6
Be3 54. Ra8 Kf6 55. Rg8 Bd2 56. c4 dxc4+ 57. Bxc4 Rd7 58. d5 exd5 59. Bf1 d4
60. Kc2 Be3 61. Bc4 Ke5 62. Rf8 Kf4 63. Kd3 Ra7 64. Rxf7 Ra5 65. Ke2 Re5 66.
Bd3 Bg1+ 67. Kd1 Bf2 68. Kc2 Be1 69. Kd1 Bc3 70. Kc2 Ra5 71. Kb3 Rc5 72. Kc2
Bb4+ 73. Kd1 Ra5 74. Kc2 Be1 75. Kd1 Bf2 76. Kc2 Be3 77. Kb3 Rc5 78. Kb4 Re5
79. Kc4 Bf2 80. Rf8 Ra5 81. Rf7 Be3 1/2-1/2

[Event "ch-CZE"]
[Site "Ostrava CZE"]
[Date "2002.05.24"]
[Round "9"]
[White "Velicka, P."]
[Black "Haba, Petr"]
[Result "1/2-1/2"]
[WhiteElo "2437"]
[BlackElo "2493"]
[PlyCount "21"]
[EventDate "2002.05.16"]
[Source "Mark Crowther"]
[SourceDate "2002.05.27"]

1. e4 e5 2. Nf3 Nf6 3. Nxe5 d6 4. Nf3 Nxe4 5. Qe2 Qe7 6. d3 Nf6 7. Qxe7+ Bxe7
8. Nc3 c6 9. Bg5 Na6 10. O-O-O Nc7 11. d4 1/2-1/2

[Event "ch-CZE"]
[Site "Ostrava CZE"]
[Date "2002.05.24"]
[Round "9"]
[White "Berezjuk, S."]
[Black "Vavra, P1."]
[Result "0-1"]
[WhiteElo "2430"]
[BlackElo "2419"]
[PlyCount "96"]
[EventDate "2002.05.16"]
[Source "Mark Crowther"]
[SourceDate "2002.05.27"]

1. d4 d5 2. c4 c6 3. Nf3 dxc4 4. e3 b5 5. a4 e6 6. axb5 cxb5 7. b3 Bb4+ 8. Bd2
Bxd2+ 9. Nbxd2 a5 10. bxc4 b4 11. Ne5 Nf6 12. Be2 O-O 13. Bf3 Ra6 14. O-O Nfd7
15. Nd3 e5 16. d5 Rh6 17. g3 Ba6 18. Bg2 Re8 19. Re1 e4 20. Bxe4 Nb6 21. Nb2
Nxc4 22. Nbxc4 Bxc4 23. Bxh7+ Kxh7 24. Nxc4 Ra6 25. Qa4 Re4 26. Qc2 Qxd5 27. f3
Qxc4 28. Qxe4+ Qxe4 29. fxe4 a4 30. Reb1 b3 31. Kf1 Nd7 32. Ke2 Nc5 33. Kd2 a3
34. Kc3 b2 35. Ra2 Nxe4+ 36. Kd3 f5 37. g4 Rd6+ 38. Kc2 Rd2+ 39. Kb3 Rd3+ 40.
Kb4 Nd2 41. Rbxb2 axb2 42. Rxb2 fxg4 43. Kc5 Ne4+ 44. Kc4 Rxe3 45. Kd4 Re1 46.
Ke5 Nc3+ 47. Kf5 Re2 48. Rb3 Nd5 0-1

[Event "ch-CZE"]
[Site "Ostrava CZE"]
[Date "2002.05.24"]
[Round "9"]
[White "Biolek, R."]
[Black "Konopka, M."]
[Result "1-0"]
[WhiteElo "2446"]
[BlackElo "2468"]
[PlyCount "61"]
[EventDate "2002.05.16"]
[Source "Mark Crowther"]
[SourceDate "2002.05.27"]

1. e4 d6 2. d4 Nf6 3. Bd3 g6 4. c4 Bg7 5. Nc3 O-O 6. Nge2 c6 7. O-O a6 8. a4 a5
9. h3 Na6 10. Be3 e5 11. f4 exd4 12. Bxd4 Qe7 13. Qd2 Nd7 14. Bxg7 Kxg7 15.
Rae1 f6 16. Nd4 Ndc5 17. Bb1 Be6 18. Nf5+ Bxf5 19. exf5 Qd7 20. fxg6 hxg6 21.
f5 g5 22. h4 gxh4 23. Ne2 Rae8 24. Nf4 Rxe1 25. Qxe1 Rh8 26. Qe2 Kf7 27. Ng6
Re8 28. Qh5 Kg7 29. Rf4 Re1+ 30. Kh2 Qe8 31. Rg4 1-0

[Event "ch-CZE"]
[Site "Ostrava CZE"]
[Date "2002.05.24"]
[Round "9"]
[White "Jirovsky, M."]
[Black "Navara, David"]
[Result "1-0"]
[WhiteElo "2446"]
[BlackElo "2543"]
[PlyCount "125"]
[EventDate "2002.05.16"]
[Source "Mark Crowther"]
[SourceDate "2002.05.27"]

1. Nf3 Nf6 2. c4 g6 3. Nc3 d5 4. cxd5 Nxd5 5. e4 Nb6 6. d4 Bg4 7. Be3 Bg7 8.
Be2 O-O 9. O-O Nc6 10. d5 Bxf3 11. Bxf3 Ne5 12. Be2 Nec4 13. Bxb6 Nxb6 14. Qb3
c6 15. dxc6 bxc6 16. Rad1 Qc7 17. f4 e5 18. f5 Rad8 19. Kh1 Rd4 20. Rd3 Nd7 21.
Qc2 Nc5 22. Rh3 Qd8 23. b3 Qg5 24. Rg3 Qd2 25. Qxd2 Rxd2 26. Bc4 Rc2 27. fxg6
hxg6 28. Rgf3 Kh7 29. g4 Nb7 30. Bxf7 Nd6 31. Na4 Nxe4 32. Rh3+ Bh6 33. Bxg6+
Kxg6 34. Rxh6+ Kxh6 35. Rxf8 Nf2+ 36. Kg2 Nxg4+ 37. Kg3 Ne3 38. Rf2 Rc1 39. Re2
Nf5+ 40. Kg4 Kg6 41. Rxe5 Rg1+ 42. Kh3 Nd4 43. Re4 Nf3 44. Rg4+ Rxg4 45. Kxg4
Nxh2+ 46. Kf4 Kf6 47. Nb2 Ke6 48. Nc4 Kd5 49. Kg3 Kd4 50. Kxh2 Kc3 51. Kg3 Kc2
52. Kf4 Kb1 53. a4 Kc2 54. Na5 Kc3 55. Ke5 Kb4 56. Nxc6+ Kxb3 57. a5 Ka4 58.
Kd6 Kb5 59. Kd5 a6 60. Kd6 Kc4 61. Kc7 Kb5 62. Kb7 Kc5 63. Na7 1-0

[Event "ch-CZE"]
[Site "Ostrava CZE"]
[Date "2002.05.24"]
[Round "9"]
[White "Chytilek, R."]
[Black "Blatny, P."]
[Result "1-0"]
[WhiteElo "2390"]
[BlackElo "2444"]
[PlyCount "147"]
[EventDate "2002.05.16"]
[Source "Mark Crowther"]
[SourceDate "2002.05.27"]

1. e4 g6 2. d4 c6 3. Nc3 d5 4. Nf3 Bg7 5. h3 Nf6 6. e5 Nfd7 7. Be3 Nf8 8. Qd2
h6 9. g3 b6 10. Bg2 Ba6 11. Ne2 e6 12. O-O Nfd7 13. b3 c5 14. c4 Nc6 15. cxd5
exd5 16. Rfe1 Ne7 17. Nf4 Rc8 18. Rad1 c4 19. e6 Nf8 20. exf7+ Kxf7 21. Ne5+
Kg8 22. Qe2 Rc7 23. Qf3 Bb7 24. Bc1 g5 25. Nh5 Neg6 26. Nxg7 Kxg7 27. bxc4 dxc4
28. d5 Nxe5 29. Bb2 Nfg6 30. Rxe5 Kh7 31. Re6 Re8 32. Rxe8 Qxe8 33. Qc3 Qe2 34.
Re1 Qd3 35. Qf6 c3 36. Be4 Qxe4 37. Rxe4 cxb2 38. Qxb2 Bxd5 39. Rd4 Bc4 40. Rd6
b5 41. Qc2 Rg7 42. Rf6 h5 43. Qf5 Kh6 44. h4 gxh4 45. gxh4 Bf7 46. Rxf7 Nxh4+
47. Rxg7 Nxf5 48. Rxa7 Nd4 49. Kf1 h4 50. Rd7 Nc2 51. Rd6+ Kg7 52. Rd5 Nb4 53.
Rd2 Nc6 54. Rb2 b4 55. Rc2 Ne5 56. Re2 Kf6 57. Re4 Nd3 58. Rd4 Nc1 59. Rxb4
Nxa2 60. Rc4 h3 61. Kg1 Ke5 62. Kh2 Kd5 63. Rc8 Nb4 64. Kxh3 Ke5 65. Kg4 Nd3
66. Re8+ Kf6 67. f4 Nc5 68. Rc8 Ne4 69. Rc6+ Kf7 70. Kf5 Ng3+ 71. Ke5 Nh5 72.
f5 Kg7 73. Rg6+ Kh7 74. Rg5 1-0

[Event "ch-CZE"]
[Site "Ostrava CZE"]
[Date "2002.05.25"]
[Round "10"]
[White "Navara, David"]
[Black "Chytilek, R."]
[Result "1-0"]
[WhiteElo "2543"]
[BlackElo "2390"]
[PlyCount "81"]
[EventDate "2002.05.16"]
[Source "Mark Crowther"]
[SourceDate "2002.05.27"]

1. c4 e5 2. Nc3 Nf6 3. e3 Bb4 4. Nge2 O-O 5. a3 Bxc3 6. Nxc3 d5 7. cxd5 Nxd5 8.
Qc2 c5 9. Bd3 Nxc3 10. Qxc3 Qd5 11. O-O Be6 12. Qc2 f5 13. e4 Qd4 14. exf5 Bd5
15. Re1 Nc6 16. Re3 Rf6 17. f3 Raf8 18. Be4 Bxe4 19. fxe4 g6 20. g4 h5 21. g5
gxf5 22. gxf6 f4 23. Kh1 fxe3 24. dxe3 Qd6 25. Qg2+ Kf7 26. Bd2 Rg8 27. Qe2 Rg4
28. Rf1 Nd8 29. h3 Rg5 30. Be1 Qe6 31. Kh2 Qa6 32. Qxa6 bxa6 33. Bh4 Rg8 34.
Rf5 Nc6 35. Rxh5 Rb8 36. Rh7+ Kg8 37. Rc7 Nd8 38. Kg3 Nf7 39. Kg4 Rxb2 40. Kf5
Rb6 41. Rxc5 1-0

[Event "ch-CZE"]
[Site "Ostrava CZE"]
[Date "2002.05.25"]
[Round "10"]
[White "Konopka, M."]
[Black "Jirovsky, M."]
[Result "1-0"]
[WhiteElo "2468"]
[BlackElo "2446"]
[PlyCount "95"]
[EventDate "2002.05.16"]
[Source "Mark Crowther"]
[SourceDate "2002.05.27"]

1. d4 d5 2. c4 e6 3. Nf3 c6 4. Qc2 Nf6 5. g3 dxc4 6. Qxc4 b5 7. Qc2 Bb7 8. Nbd2
Nbd7 9. Nb3 Qb6 10. Bg2 Rc8 11. O-O c5 12. dxc5 Bxc5 13. Nxc5 Rxc5 14. Qd1 Rd5
15. Qb3 O-O 16. Be3 Qa6 17. a4 Rh5 18. h3 Ra8 19. g4 bxa4 20. Rxa4 Rb5 21. Qa3
Qc6 22. Rc1 Qd5 23. g5 Rb3 24. Qe7 Re8 25. gxf6 Nxf6 26. Qc7 Qb5 27. Rxa7 Nd5
28. Qc5 Qxc5 29. Bxc5 Rxb2 30. Bd4 Rb4 31. e3 Nf4 32. Rc7 Bxf3 33. Bxf3 Nxh3+
34. Kg2 Ng5 35. Bc6 Rd8 36. f4 e5 37. Bxe5 Ne6 38. Rxf7 Rd2+ 39. Kf3 Rb1 40.
Rfe7 Rf1+ 41. Ke4 Nc5+ 42. Kf5 g6+ 43. Kf6 Ne4+ 44. Bxe4 Rxf4+ 45. exf4 Rd6+
46. Bxd6 g5 47. Bh1 h5 48. Re8# 1-0

[Event "ch-CZE"]
[Site "Ostrava CZE"]
[Date "2002.05.25"]
[Round "10"]
[White "Vavra, P1."]
[Black "Vokac, Marek"]
[Result "0-1"]
[WhiteElo "2419"]
[BlackElo "2487"]
[PlyCount "138"]
[EventDate "2002.05.16"]
[Source "Mark Crowther"]
[SourceDate "2002.05.27"]

1. e4 g6 2. d4 c6 3. Nc3 Bg7 4. Bc4 b5 5. Bb3 b4 6. Qf3 Nf6 7. e5 bxc3 8. exf6
Bxf6 9. Qxc3 a5 10. a4 Qb6 11. Nf3 d6 12. O-O Bg4 13. Bg5 Nd7 14. Rfe1 O-O 15.
Bxf6 exf6 16. Re7 d5 17. Rae1 Rad8 18. Nh4 Be6 19. f4 f5 20. Nf3 Rfe8 21. Rxe8+
Rxe8 22. Ne5 Nxe5 23. Rxe5 Rb8 24. Re3 Qa7 25. g3 Rb4 26. Rd3 Qb6 27. Kf2 h6
28. h4 Kh7 29. Ke1 Bc8 30. Qc5 Qxc5 31. dxc5 g5 32. hxg5 hxg5 33. Rf3 Kg6 34.
Kd2 Be6 35. Kc1 Kh5 36. fxg5 Kxg5 37. c4 d4 38. Kd2 Bxc4 39. Bc2 Be6 40. b3 Kg4
41. Bd1 Kg5 42. Bc2 Bd5 43. Rxf5+ Kg4 44. Rf6 Kxg3 45. Kd3 Kg4 46. Kd2 Be6 47.
Rf1 Kg5 48. Rg1+ Kf4 49. Rf1+ Ke5 50. Re1+ Kf6 51. Rf1+ Ke7 52. Rf3 Bd5 53. Rh3
Ke6 54. Rh6+ f6 55. Rh3 f5 56. Rh8 Bxb3 57. Bxb3+ Rxb3 58. Rd8 Ke5 59. Rd6 Ke4
60. Rxc6 Rb2+ 61. Kc1 Ra2 62. Re6+ Kd3 63. Rf6 Rc2+ 64. Kd1 Rxc5 65. Rb6 f4 66.
Rf6 Ke4 67. Re6+ Re5 68. Rb6 Ke3 69. Rb2 f3 0-1

[Event "ch-CZE"]
[Site "Ostrava CZE"]
[Date "2002.05.25"]
[Round "10"]
[White "Velicka, P."]
[Black "Berezjuk, S."]
[Result "1/2-1/2"]
[WhiteElo "2437"]
[BlackElo "2430"]
[PlyCount "152"]
[EventDate "2002.05.16"]
[Source "Mark Crowther"]
[SourceDate "2002.05.27"]

1. e4 e5 2. Nf3 Nf6 3. Nxe5 d6 4. Nf3 Nxe4 5. d4 d5 6. Bd3 Be7 7. O-O Nc6 8. c4
Nb4 9. Re1 Nxd3 10. Qxd3 Bf5 11. cxd5 Qxd5 12. Nc3 Nxc3 13. Qxc3 Be6 14. Re5
Qc6 15. d5 Bxd5 16. Nd4 Qxc3 17. bxc3 Be6 18. Nxe6 fxe6 19. Rxe6 O-O-O 20. Bf4
Ba3 21. g3 Rhe8 22. Rxe8 Rxe8 23. Rd1 Re2 24. Rd2 Rxd2 25. Bxd2 Kd7 26. Kf1 b5
27. Ke2 Ke6 28. c4 bxc4 29. Bc3 g6 30. g4 Bd6 31. h3 Kd5 32. f3 a6 33. Bg7 Bf4
34. Kd1 Be5 35. Bh6 Kc5 36. Kc2 Kd4 37. Bg5 Kd5 38. Bh6 c6 39. Bg5 Bg7 40. Be3
Bf6 41. Bd2 g5 42. Bc1 h6 43. f4 c3 44. Kd3 c5 45. f5 c4+ 46. Kc2 Ke4 47. Ba3
h5 48. Bb4 hxg4 49. hxg4 Kf4 50. Bxc3 Be7 51. f6 Bf8 52. Ba5 Kxg4 53. Bd8 Kf5
54. Be7 Bh6 55. f7 Ke6 56. f8=Q Bxf8 57. Bxf8 Kd5 58. Bh6 g4 59. Bf4 Kc5 60.
Kc3 Kb5 61. Bd6 Ka4 62. Kb2 Kb5 63. Bg3 Kb4 64. Be5 Ka4 65. Bd6 Kb5 66. Kc3 Ka4
67. Kxc4 g3 68. Kc3 g2 69. Bc5 g1=Q 70. Bxg1 Ka3 71. Kc2 Kxa2 72. Bc5 a5 73.
Bf8 a4 74. Be7 a3 75. Bg5 Ka1 76. Bh6 Ka2 1/2-1/2

[Event "ch-CZE"]
[Site "Ostrava CZE"]
[Date "2002.05.26"]
[Round "11"]
[White "Biolek, R."]
[Black "Vavra, P1."]
[Result "1/2-1/2"]
[WhiteElo "2446"]
[BlackElo "2419"]
[PlyCount "68"]
[EventDate "2002.05.16"]
[Source "Mark Crowther"]
[SourceDate "2002.05.27"]

1. e4 c5 2. Nf3 Nc6 3. Bb5 e6 4. O-O Nge7 5. Re1 a6 6. Bxc6 Nxc6 7. d4 cxd4 8.
Nxd4 Qb6 9. Nxc6 bxc6 10. e5 Bc5 11. Be3 O-O 12. Nc3 Bxe3 13. Rxe3 f6 14. Na4
Qa5 15. Qd4 Rb8 16. b3 Rb5 17. c4 Rxe5 18. Rxe5 fxe5 19. Qd6 e4 20. c5 Qb4 21.
Rc1 e5 22. Nb6 Qd4 23. Qxd4 exd4 24. Rd1 d3 25. f3 exf3 26. Rxd3 fxg2 27. Kxg2
a5 28. Nxc8 Rxc8 29. Rxd7 Re8 30. a3 Re2+ 31. Kf3 Ra2 32. Rb7 Rxa3 33. Ke4 Ra2
34. Rb6 Rxh2 1/2-1/2